000 01302nam a2200241 a 4500
003 DO-SdBNP
005 20220607113047.0
007 ta
008 220602e195? dr ||||gr|||| 001 0 spa d
040 _aDO-SdBNP
_bspa
_cBNPHU
082 4 _222
_bC569p
100 _960236
_aSteele, Pablo,
_d1911
245 1 0 _a100 pasos hacia una cooperativa de crédito. /
_cPablo Steele
246 1 0 _aCien pasos hacia una cooperativa de crédito.
260 _aCiudad Trujillo :
_b[Federación Dominicana de Cooperativas, Inc.],
_c[1858]
300 _a94 p. ;
_c22 cm.
505 _aPrólogo.
_gPrimera parte-- Ciertos aspectos de la utilidad y de los problemas de cooperativas en el mundo actual.--
_tCapítulo I- Valor de agrupaciones.- Capítulo II- La pobreza universal.- Capítulo III- Cículo vicioso.-- Capítulo IV- Educación.--
_gSegunda parte- Cien preguntas y respuestas relativas y a una cooperativa de crédito.--
_tCapítulo V- Puntos Generales.--
_tCapítulo VI- Directores.--
_tCapítulo VII. Socios.--
_tCapítulo VIII- Préstamos
_tCapítulo IX- Misceláneos.--
_gTercera parte - Guía directriz para cooperativas.
590 _aInventariado 2022 / MF
650 4 _96532
_aCooperativas
_zRepública Dominicana
650 4 _aAdministración de cooperativas.
_921613
910 _aMFeliz
942 _2ddc
_cLBS1
999 _c51905
_d51905